00842nam a22002537a 45000010005000000030006000050050017000110080041000280200018000690400029000870500010001161000022001262450094001482500028002422600045002703000049003155050008003645200096003725210020004685210020004886000022005086500022005307000036005522875FISKH20250820123806.0240119b cb ||||| |||| 00| 0 eng d a9789814281287 bengcFISKHdFISKHeFISKH a398.2 aRandell, Beverley aSeven foolish fishermen /cRetold by Randell, Beverley : illustrated by Greenhatch, Betty aFirst published in 1999 aSouth Melbourne :bNelson School, c1999 a32 pages : bcolor illustrations ; c22 cm.  aM  aDesigned to be used by children in their first six months of school PM Starters One and Two8 a530 bLexile 8 aM bRaz-Plus  2fishing vfiction afishing vfiction aGreenhatch, Bettyeillustrator